| 000 | 01306cam a2200337 a 4500 | ||
|---|---|---|---|
| 999 |
_c328496 _d328496 |
||
| 001 | 13708283 | ||
| 003 | Nust | ||
| 005 | 20170410121842.0 | ||
| 008 | 040901s2004 nyu 000 1 eng d | ||
| 010 | _a 2004302226 | ||
| 020 | _a9780007240142 | ||
| 035 | _a(OCoLC)ocm55100170 | ||
| 040 |
_aBRL _cBRL _dOCLCQ _dIXA _dDLC |
||
| 041 | 1 |
_aeng _hjpn |
|
| 042 | _alccopycat | ||
| 050 | 0 | 0 |
_aPL861.U92716 _bR3716 2004 |
| 082 | 0 | 0 |
_a895.635 _bSZU |
| 100 | 1 |
_aSuzuki, Kōji, _d1957- |
|
| 240 | 1 | 0 |
_aRasen. _lEnglish |
| 245 | 1 | 0 |
_aSpiral / _cKoji Suzuki ; translation, Glynne Wolley. |
| 250 | _a1st American ed. | ||
| 260 |
_aNew York, N.Y. : _bVertical, _c2004. |
||
| 300 |
_a460 p. ; _c25 cm. |
||
| 500 | _a"Sequel to Ring"--Jacket. | ||
| 500 | _a"Originally published in Japan as Rasen ... in 1995"--Added t.p. | ||
| 700 | 1 | _aWalley, Glynne. | |
| 700 | 1 |
_aSuzuki, Kōji, _d1957- _tRingu. _lEnglish. |
|
| 856 | 4 | 2 |
_3Contributor biographical information _uhttp://www.loc.gov/catdir/enhancements/fy0806/2004302226-b.html |
| 856 | 4 | 2 |
_3Publisher description _uhttp://www.loc.gov/catdir/enhancements/fy0806/2004302226-d.html |
| 906 |
_a7 _bcbc _ccopycat _d2 _encip _f20 _gy-gencatlg |
||
| 942 |
_2ddc _cBK |
||